Central Library OPAC University of Rajshahi

Elements of stereochemistry (Record no. 10215)

MARC details
000 -LEADER
fixed length control field 00789nam a2200265 4500
001 - CONTROL NUMBER
control field 10215
003 - CONTROL NUMBER IDENTIFIER
rucl marc code BD-RjUL
005 - DATE AND TIME OF LATEST TRANSACTION
control field 20211208234920.0
008 - FIXED-LENGTH DATA ELEMENTS--GENERAL INFORMATION
fixed length control field 140123s1969 nyua 001 0 eng
020 ## - INTERNATIONAL STANDARD BOOK NUMBER
International Standard Book Number 0471237450
035 ## - SYSTEM CONTROL NUMBER
System control number (BD-RjUL)10263
040 ## - CATALOGING SOURCE
Original cataloging agency DLC
Transcribing agency DLC
Modifying agency DLC
-- BD-RjUL
Language of cataloging eng
041 ## - LANGUAGE CODE
Language code of text/sound track or separate title eng
082 00 - DEWEY DECIMAL CLASSIFICATION NUMBER
Classification number 547.1222
Author mark and year ELE
100 1# - MAIN ENTRY--PERSONAL NAME
Personal name Eliel, Ernest Ludwig,
Dates associated with a name 1921-
9 (RLIN) 31566
245 10 - TITLE STATEMENT
Title Elements of stereochemistry
Statement of responsibility, etc. [by] Ernest L. Eliel. With a section on coordination compounds by F. Basolo.
260 ## - PUBLICATION, DISTRIBUTION, ETC. (IMPRINT)
Place of publication, distribution, etc. New York :
Name of publisher, distributor, etc. Wiley ,
Date of publication, distribution, etc. c1969 .
300 ## - PHYSICAL DESCRIPTION
Pagination vi, 98 p. :
Illustrations illus. ;
Size 23 cm.
504 ## - BIBLIOGRAPHY, ETC. NOTE
Bibliography, etc Includes index.
650 #0 - SUBJECT ADDED ENTRY--TOPICAL TERM
Topical term or geographic name as entry element Stereochemistry.
9 (RLIN) 31567
700 1# - ADDED ENTRY--PERSONAL NAME
Personal name Basolo, Fred,
Dates associated with a name 1920-
942 ## - ADDED ENTRY ELEMENTS (KOHA)
Source of classification or shelving scheme Dewey Decimal Classification
Koha item type Books
Holdings
Lost status Source of classification or shelving scheme Damaged status Not for loan Collection code Permanent Location Current Location Shelving location Date acquired Source of acquisition Cost, normal purchase price Total Checkouts Full call number Date last seen Copy number Koha item type
  Dewey Decimal Classification   Not For Loan Non-fiction Central Library, University of Rajshahi Central Library, University of Rajshahi   16/05/1977 Hepper and Sons 2.80   547.1222 ELE 1969 23/01/2014 C-1 Books